000 00459ntaaa2200181 4500
003 01
005 20251027203030.0
008 0714s1973 ag 01
040 _aAR-BaBN
_bspa
_cAR-BaBN
_eaacr
_dRIC
082 _a132.0000 R264
100 _aRay, Marie Benyon
_931374
245 _aRevelaciones de la psiquiatria
250 _a1 ed.
260 _aBuenos Aires :
_bSudamericana,
_c1946
300 _as/p
650 _aPsicologia patologica
_97519
942 _cBK
999 _c25685
_d25685